<?xml version="1.0" encoding="UTF-8"?>
<record
    xmlns:xsi="http://www.w3.org/2001/XMLSchema-instance"
    xsi:schemaLocation="http://www.loc.gov/MARC21/slim http://www.loc.gov/standards/marcxml/schema/MARC21slim.xsd"
    xmlns="http://www.loc.gov/MARC21/slim">

  <leader>02678nam a2200301 i 4500</leader>
  <controlfield tag="003">DO-SdBNP</controlfield>
  <controlfield tag="005">20250611073819.0</controlfield>
  <controlfield tag="007">ta</controlfield>
  <controlfield tag="008">240815s2023    dr d          000 j spa d</controlfield>
  <datafield tag="020" ind1=" " ind2=" ">
    <subfield code="a">9789945644562</subfield>
  </datafield>
  <datafield tag="040" ind1=" " ind2=" ">
    <subfield code="a">DO-SdBNP</subfield>
    <subfield code="b">spa</subfield>
    <subfield code="c">BNPHU</subfield>
    <subfield code="e">rda</subfield>
  </datafield>
  <datafield tag="082" ind1=" " ind2=" ">
    <subfield code="2">22</subfield>
    <subfield code="b">R426man</subfield>
  </datafield>
  <datafield tag="110" ind1="1" ind2=" ">
    <subfield code="a">Rep&#xFA;blica Dominicana.</subfield>
    <subfield code="b">Ministerio de Salud P&#xFA;blica</subfield>
    <subfield code="9">80830</subfield>
  </datafield>
  <datafield tag="245" ind1="1" ind2="0">
    <subfield code="a">Manual para b&#xFA;squeda activa de casos de tuberculosis: &#xE9;nfasis en poblaci&#xF3;n clave y grupos de riesgo /</subfield>
  </datafield>
  <datafield tag="264" ind1=" " ind2="1">
    <subfield code="a">Santo Domingo :</subfield>
    <subfield code="b">Mspas,</subfield>
    <subfield code="c">2023.</subfield>
  </datafield>
  <datafield tag="300" ind1=" " ind2=" ">
    <subfield code="a">51 p&#xE1;ginas,  </subfield>
    <subfield code="b">graf&#xED;cas </subfield>
    <subfield code="c">22 cm.</subfield>
  </datafield>
  <datafield tag="336" ind1=" " ind2=" ">
    <subfield code="2">rdacontent</subfield>
    <subfield code="a">texto</subfield>
    <subfield code="b">txt</subfield>
  </datafield>
  <datafield tag="337" ind1=" " ind2=" ">
    <subfield code="2">rdamedia</subfield>
    <subfield code="a">sin mediaci&#xF3;n </subfield>
    <subfield code="b">n</subfield>
  </datafield>
  <datafield tag="338" ind1=" " ind2=" ">
    <subfield code="2">rdacarrier</subfield>
    <subfield code="a">volumen</subfield>
    <subfield code="b">nc</subfield>
  </datafield>
  <datafield tag="500" ind1=" " ind2=" ">
    <subfield code="a">Libro en espiral.</subfield>
  </datafield>
  <datafield tag="504" ind1=" " ind2=" ">
    <subfield code="a">Bibliograf&#xED;a p: 44.</subfield>
  </datafield>
  <datafield tag="520" ind1=" " ind2=" ">
    <subfield code="a">La tuberculosis es un problema prioritario de salud p&#xFA;blica; por lo que el Ministerio de Salud P&#xFA;blica y Asistencia Social (MISPAS) a trav&#xE9;s del Programa de Tuberculosis quien, en su rol de rector&#xED;a, es el responsable de conducir la respuesta nacional a esta enfermedad y dise&#xF1;a las estrategias e intervenciones para su prevenci&#xF3;n y control. Estas estrategias e intervenciones est&#xE1;n incluidas en el Plan Decenal de Salud, la Estrategia Nacional de Desarrollo y los Objetivos de Desarrollo Sostenible (ODS) as&#xED; como la Estrategia Fin de la Tuberculosis, donde se plantea al 2035 la reducci&#xF3;n de la incidencia en &lt; de 10 casos por 100,000 habitantes y cero muertes a causa de la Tuberculosis y cero sufrimientos a causa de la enfermedad (1). Como parte de las funciones esenciales de la salud p&#xFA;blica y como responsables de la respuesta nacional a la TB, los entes gestores por su parte cumplen con un rol interrelacionado pero al mismo tiempo con un grado importante de defnici&#xF3;n de estos papeles, a saber: El MISPAS, en su papel como rector del Sistema Nacional de Salud, es el garante de la Salud P&#xFA;blica de los dominicanos y dominicanas, por otro lado el SNS es responsable de garantizar la prestaci&#xF3;n de servicio acorde con los reglamentos, gu&#xED;as y protocolos establecidos por el MISPAS (1). En este manual se abordan las recomendaciones para la detecci&#xF3;n sistem&#xE1;tica o b&#xFA;squeda activa de la tuberculosis en diferentes poblaciones y pretende hacer una medici&#xF3;n entre los beneficios y c&#xF3;mo los efectos deseables de la detecci&#xF3;n est&#xE1;n por encima de los da&#xF1;os potenciales tal como se plantea en la gu&#xED;a de la OMS para grupos de riesgo y poblaci&#xF3;n clave</subfield>
  </datafield>
  <datafield tag="590" ind1=" " ind2=" ">
    <subfield code="a">Inventariado, 2024/ YL</subfield>
  </datafield>
  <datafield tag="650" ind1=" " ind2="4">
    <subfield code="a">Tuberculosis</subfield>
    <subfield code="x">Prevenci&#xF3;n y control</subfield>
    <subfield code="9">79001</subfield>
  </datafield>
  <datafield tag="710" ind1="1" ind2=" ">
    <subfield code="a">Ministerio de Salud P&#xFA;blica y Asistencia Social</subfield>
    <subfield code="9">86348</subfield>
  </datafield>
  <datafield tag="910" ind1=" " ind2=" ">
    <subfield code="a">YLockward</subfield>
  </datafield>
  <datafield tag="942" ind1=" " ind2=" ">
    <subfield code="2">ddc</subfield>
    <subfield code="c">LBS1</subfield>
  </datafield>
  <datafield tag="952" ind1=" " ind2=" ">
    <subfield code="0">0</subfield>
    <subfield code="1">0</subfield>
    <subfield code="2">ddc</subfield>
    <subfield code="5">1</subfield>
    <subfield code="7">0</subfield>
    <subfield code="8">PD</subfield>
    <subfield code="a">BNPHU</subfield>
    <subfield code="b">BNPHU</subfield>
    <subfield code="c">CT</subfield>
    <subfield code="d">2024-07-16</subfield>
    <subfield code="e">Deposito Legal</subfield>
    <subfield code="l">0</subfield>
    <subfield code="o"> BNPHU PD R426man</subfield>
    <subfield code="p">2024-4898</subfield>
    <subfield code="r">2024-08-15</subfield>
    <subfield code="w">2024-08-15</subfield>
    <subfield code="y">LBS1</subfield>
  </datafield>
  <datafield tag="952" ind1=" " ind2=" ">
    <subfield code="0">0</subfield>
    <subfield code="1">0</subfield>
    <subfield code="2">ddc</subfield>
    <subfield code="5">1</subfield>
    <subfield code="7">0</subfield>
    <subfield code="8">PD</subfield>
    <subfield code="a">BNPHU</subfield>
    <subfield code="b">BNPHU</subfield>
    <subfield code="c">CT</subfield>
    <subfield code="d">2024-07-16</subfield>
    <subfield code="e">Deposito Legal</subfield>
    <subfield code="l">0</subfield>
    <subfield code="o"> BNPHU PD R426man</subfield>
    <subfield code="p">2024-4899</subfield>
    <subfield code="r">2024-08-15</subfield>
    <subfield code="t">e. 2</subfield>
    <subfield code="w">2024-08-15</subfield>
    <subfield code="y">LBS1</subfield>
  </datafield>
  <datafield tag="952" ind1=" " ind2=" ">
    <subfield code="0">0</subfield>
    <subfield code="1">0</subfield>
    <subfield code="2">ddc</subfield>
    <subfield code="5">6</subfield>
    <subfield code="7">0</subfield>
    <subfield code="8">DS</subfield>
    <subfield code="a">BNPHU</subfield>
    <subfield code="b">BNPHU</subfield>
    <subfield code="c">CT</subfield>
    <subfield code="d">2024-07-16</subfield>
    <subfield code="e">Deposito Legal</subfield>
    <subfield code="l">0</subfield>
    <subfield code="o">BNPHU DS R426man</subfield>
    <subfield code="p">2024-4900</subfield>
    <subfield code="r">2024-08-15</subfield>
    <subfield code="t">e. 3</subfield>
    <subfield code="w">2024-08-15</subfield>
    <subfield code="y">LBS1</subfield>
  </datafield>
  <datafield tag="999" ind1=" " ind2=" ">
    <subfield code="c">57471</subfield>
    <subfield code="d">57471</subfield>
  </datafield>
</record>
